[Event "17. European Women's Championship 2016"]
[Site "Mamaia ROU"]
[Date "2016.05.29"]
[Round "3.52"]
[White "Abdulla, Khayala"]
[Black "Coman, Emilia-Florentina"]
[Result "1-0"]
[WhiteElo "2209"]
[BlackElo "1891"]
[PlyCount "69"]
[EventDate "2016.05.27"]
[EventType "swiss"]
[EventRounds "11"]
[EventCountry "ROU"]
[Source "lmi"]
[SourceDate "2016.05.26"]

1. e4 e6 2. d4 d5 3. Nc3 Nf6 4. Bg5 Be7 5. e5 Nfd7 6. Bxe7 Qxe7 7. f4 a6 8. Nf3
c5 9. dxc5 Nc6 10. Qd2 Nxc5 11. Bd3 b5 12. O-O b4 13. Ne2 O-O 14. Ned4 Nxd4 15.
Nxd4 a5 16. Qe3 Na4 17. b3 Nc3 18. Kh1 Ba6 19. f5 f6 20. fxe6 Bxd3 21. cxd3
fxe5 22. Qxe5 Rf6 23. Rfe1 Re8 24. Nf5 Qxe6 25. Qg3 Qxe1+ 26. Rxe1 Rxe1+ 27.
Qxe1 Rxf5 28. Qe6+ Rf7 29. g3 g6 30. Kg2 Kg7 31. Qe5+ Kg8 32. a3 Rb7 33. Qe8+
Kg7 34. Qa8 Re7 35. Qxa5 1-0

[Event "17. European Women's Championship 2016"]
[Site "Mamaia ROU"]
[Date "2016.05.29"]
[Round "3.53"]
[White "Zherebtsova, Alexandra"]
[Black "Cimpean, Andra"]
[Result "1-0"]
[WhiteElo "2200"]
[BlackElo "1794"]
[PlyCount "113"]
[EventDate "2016.05.27"]
[EventType "swiss"]
[EventRounds "11"]
[EventCountry "ROU"]
[Source "lmi"]
[SourceDate "2016.05.26"]

1. d4 d5 2. Nf3 e6 3. g3 c6 4. Bg2 Bd6 5. O-O f5 6. b3 Qe7 7. a4 b5 8. axb5
cxb5 9. c4 b4 10. Bg5 Nf6 11. Ne5 Bb7 12. c5 Bc7 13. Qd3 a6 14. Ra4 Bc6 15.
Nxc6 Nxc6 16. Rxa6 Rxa6 17. Qxa6 Nxd4 18. e3 Nc2 19. Rc1 Na3 20. Nxa3 bxa3 21.
Qa8+ Qd8 22. Qxa3 O-O 23. b4 Qb8 24. Bxf6 Rxf6 25. Qb3 Rf8 26. b5 Rc8 27. Bf1
Bb6 28. Qa3 Ba7 29. b6 Bxb6 30. cxb6 Rxc1 31. Qxc1 Qxb6 32. Qc3 Kf7 33. Qe5 Qc6
34. Be2 Qb6 35. Kg2 Qc6 36. Bh5+ g6 37. Bf3 Kg8 38. h4 Qd7 39. Qf6 Qf7 40.
Qxf7+ Kxf7 41. Kf1 Ke7 42. Ke2 Kd6 43. Kd3 e5 44. Bd1 Kc5 45. Ba4 Kd6 46. f4
Ke6 47. Bc6 exf4 48. exf4 Kd6 49. Ba4 Ke7 50. Kd4 Ke6 51. Bb3 Kf6 52. Kxd5 Kg7
53. Ke5 Kh6 54. Kf6 Kh5 55. Bd1+ Kh6 56. Be2 g5 57. fxg5# 1-0

[Event "17. European Women's Championship 2016"]
[Site "Mamaia ROU"]
[Date "2016.05.29"]
[Round "3.54"]
[White "Pancu, Aureliana-Eugenia"]
[Black "Isgandarova, Khayala"]
[Result "0-1"]
[WhiteElo "1841"]
[BlackElo "2193"]
[PlyCount "56"]
[EventDate "2016.05.27"]
[EventType "swiss"]
[EventRounds "11"]
[EventCountry "ROU"]
[Source "lmi"]
[SourceDate "2016.05.26"]

1. Nf3 Nf6 2. g3 g6 3. b3 Bg7 4. Bb2 d6 5. c4 e5 6. d3 Nc6 7. Bg2 O-O 8. O-O
Nh5 9. Nc3 f5 10. Nd5 f4 11. Rb1 Bg4 12. Qd2 Qd7 13. e3 Bh6 14. exf4 exf4 15.
Qc3 Bg7 16. Qd2 Bxb2 17. Rxb2 Bxf3 18. Bxf3 Nd4 19. Bxh5 gxh5 20. f3 fxg3 21.
Qg5+ Kh8 22. Qxh5 c6 23. Ne3 Rae8 24. Ng2 Qg7 25. hxg3 Nf5 26. Rff2 Nd4 27. Kh1
Nxf3 28. Nf4 Qxg3 0-1

[Event "17. European Women's Championship 2016"]
[Site "Mamaia ROU"]
[Date "2016.05.29"]
[Round "3.55"]
[White "Surovtseva, Alisa"]
[Black "Petrenko, Svetlana"]
[Result "1/2-1/2"]
[WhiteElo "1574"]
[BlackElo "2182"]
[PlyCount "89"]
[EventDate "2016.05.27"]
[EventType "swiss"]
[EventRounds "11"]
[EventCountry "ROU"]
[Source "lmi"]
[SourceDate "2016.05.26"]

1. e4 c5 2. Nf3 Nc6 3. Bb5 Qb6 4. Bxc6 Qxc6 5. Nc3 d6 6. h3 e6 7. O-O b5 8. Re1
b4 9. Nd5 Qb7 10. Nf4 e5 11. Nd5 Ne7 12. Nxe7 Bxe7 13. d3 O-O 14. Nh2 f5 15.
exf5 Rxf5 16. Qe2 Bd7 17. Qe4 d5 18. Qe2 Bd6 19. Ng4 Raf8 20. f3 h5 21. Ne3
R5f6 22. c3 a5 23. c4 d4 24. Nf1 Rg6 25. Kh1 Bc6 26. Nd2 a4 27. Ne4 Be7 28. b3
Rf5 29. Bd2 a3 30. Rf1 Qb8 31. Rae1 Qf8 32. Rd1 Bb7 33. Rg1 h4 34. Rdf1 Ra6 35.
Rf2 Qa8 36. Rgf1 g5 37. Re1 Rg6 38. Rff1 Rg7 39. Bc1 Qf8 40. Bd2 Rg6 41. Bc1
Rg7 42. Bd2 Rgf7 43. Kg1 Qg7 44. Bc1 Rf8 45. Bd2 1/2-1/2

[Event "17. European Women's Championship 2016"]
[Site "Mamaia ROU"]
[Date "2016.05.29"]
[Round "3.56"]
[White "Nikoladze, Sopio"]
[Black "Milak, Adela"]
[Result "1-0"]
[WhiteElo "2155"]
[BlackElo "1677"]
[PlyCount "47"]
[EventDate "2016.05.27"]
[EventType "swiss"]
[EventRounds "11"]
[EventCountry "ROU"]
[Source "lmi"]
[SourceDate "2016.05.26"]

1. d4 f5 2. Nc3 e6 3. e4 fxe4 4. Nxe4 d5 5. Ng5 Nf6 6. Bd3 Kd7 7. Nf7 Qe8 8.
Nxh8 c5 9. Bb5+ Nc6 10. Nf3 a6 11. Ne5+ Kc7 12. Bxc6 bxc6 13. Nhf7 c4 14. O-O
g6 15. b3 c3 16. Qd3 a5 17. Qxc3 Ba6 18. Qxa5+ Kb7 19. Re1 Ne4 20. Rxe4 dxe4
21. Qe1 Be7 22. Qxe4 Bb4 23. c3 Ba5 24. Nd6+ 1-0

[Event "17. European Women's Championship 2016"]
[Site "Mamaia ROU"]
[Date "2016.05.30"]
[Round "4.1"]
[White "Gaponenko, Inna"]
[Black "Atalik, Ekaterina"]
[Result "1/2-1/2"]
[WhiteElo "2415"]
[BlackElo "2408"]
[PlyCount "90"]
[EventDate "2016.05.27"]
[EventType "swiss"]
[EventRounds "11"]
[EventCountry "ROU"]
[Source "lmi"]
[SourceDate "2016.05.26"]

1. e4 c6 2. d4 d5 3. exd5 cxd5 4. c4 Nf6 5. Nc3 Nc6 6. cxd5 Nxd5 7. Nf3 Bg4 8.
Qb3 Bxf3 9. gxf3 Nb6 10. d5 Nd4 11. Bb5+ Nd7 12. Qa4 Nxb5 13. Qxb5 g6 14. O-O
Bg7 15. Bg5 O-O 16. Rfe1 Bxc3 17. bxc3 f6 18. Bf4 Rf7 19. a4 Rc8 20. a5 a6 21.
Qb4 g5 22. Bg3 Nc5 23. Rad1 Qd7 24. Kg2 h5 25. h3 h4 26. Bh2 Qf5 27. Re3 Qc2
28. Rd4 Nb3 29. Rde4 Nd2 30. Rxe7 Qd1 31. Bg1 Qf1+ 32. Kh2 Qc4 33. Rxf7 Qxb4
34. cxb4 Kxf7 35. Kg2 Nc4 36. Re1 Ne5 37. Bh2 Nd3 38. Rd1 Rc3 39. Kf1 Ke7 40.
Ke2 Nxb4 41. Rd4 Rb3 42. f4 Rxh3 43. Rxb4 Rxh2 44. Rxb7+ Kd6 45. fxg5 fxg5
1/2-1/2

[Event "17. European Women's Championship 2016"]
[Site "Mamaia ROU"]
[Date "2016.05.30"]
[Round "4.2"]
[White "Mamedjarova, Zeinab"]
[Black "Shvayger, Yuliya"]
[Result "0-1"]
[WhiteElo "2236"]
[BlackElo "2415"]
[PlyCount "80"]
[EventDate "2016.05.27"]
[EventType "swiss"]
[EventRounds "11"]
[EventCountry "ROU"]
[Source "lmi"]
[SourceDate "2016.05.26"]

1. d4 Nf6 2. Nf3 e6 3. Bf4 c5 4. e3 Qb6 5. Qc1 Nc6 6. c3 Nh5 7. Bg3 h6 8. Nbd2
d5 9. Be2 Be7 10. a4 Nxg3 11. hxg3 Bd7 12. O-O O-O 13. a5 Qc7 14. dxc5 Bxc5 15.
a6 bxa6 16. Rxa6 e5 17. Qa1 Bb6 18. Rd1 Rfd8 19. b4 Be6 20. Qb2 Rac8 21. c4
dxc4 22. Rc1 Qe7 23. Ra4 Qd7 24. b5 Na5 25. Nxc4 Nxc4 26. Bxc4 Bxc4 27. Raxc4
Rxc4 28. Rxc4 f6 29. Rc2 Qe6 30. Rd2 Rc8 31. Rc2 Rb8 32. Qc1 Qd7 33. Rc6 Rd8
34. Kh2 Qd5 35. Qb1 e4 36. Nh4 g5 37. Ng6 Kf7 38. Qa1 Qf5 39. Rxb6 axb6 40.
Qa7+ Kxg6 0-1

[Event "17. European Women's Championship 2016"]
[Site "Mamaia ROU"]
[Date "2016.05.30"]
[Round "4.4"]
[White "Paehtz, Elisabeth"]
[Black "Charochkina, Daria"]
[Result "1/2-1/2"]
[WhiteElo "2489"]
[BlackElo "2362"]
[PlyCount "157"]
[EventDate "2016.05.27"]
[EventType "swiss"]
[EventRounds "11"]
[EventCountry "ROU"]
[Source "lmi"]
[SourceDate "2016.05.26"]

1. d4 Nf6 2. c4 g6 3. Nc3 d5 4. Bg5 Ne4 5. Bh4 Nxc3 6. bxc3 dxc4 7. e3 Be6 8.
Be2 Bd5 9. Nf3 Bg7 10. O-O Nd7 11. Nd2 b5 12. a4 a6 13. e4 Bc6 14. d5 Bb7 15.
Rb1 Nb6 16. axb5 axb5 17. Rxb5 Ba6 18. Rb1 O-O 19. Qc2 Qd7 20. Rb4 e6 21. dxe6
Qxe6 22. Bg3 c5 23. Rb2 Na4 24. Qxa4 Bxc3 25. Rc2 Bxd2 26. Bxc4 Bxc4 27. Qxc4
Qxc4 28. Rxc4 Rfe8 29. f3 Be3+ 30. Bf2 Bxf2+ 31. Kxf2 Ra2+ 32. Kg3 Rb8 33. Rxc5
Rbb2 34. Rg1 Kg7 35. h4 h5 36. Rg5 Re2 37. Kh3 Rab2 38. Kg3 Rb3 39. Kf4 Rf2 40.
Rd5 Rbb2 41. g4 Rb3 42. Rg3 hxg4 43. Kxg4 Rh2 44. h5 Rxh5 45. Rxh5 gxh5+ 46.
Kxh5+ Kf6 47. Kg4 Rb4 48. Kf4 Ke6 49. Rg5 Ra4 50. Re5+ Kf6 51. Rb5 Ra6 52. Kg4
Ra1 53. f4 Rg1+ 54. Kf3 Rf1+ 55. Ke3 Re1+ 56. Kd3 Rf1 57. Rb6+ Ke7 58. Ke3 f6
59. Rb5 Kd6 60. Rb7 Rh1 61. Kf3 Rg1 62. Rb3 Ke7 63. Rd3 Ke6 64. f5+ Ke7 65. Rb3
Rf1+ 66. Ke2 Rh1 67. Rb6 Rh3 68. Re6+ Kf7 69. Rd6 Ke7 70. Rd3 Rh1 71. Ke3 Re1+
72. Kd4 Ra1 73. Rb3 Rd1+ 74. Kc4 Rc1+ 75. Rc3 Re1 76. Kd4 Rd1+ 77. Rd3 Re1 78.
Kd5 Ra1 79. Rd4 1/2-1/2

[Event "17. European Women's Championship 2016"]
[Site "Mamaia ROU"]
[Date "2016.05.30"]
[Round "4.5"]
[White "Goryachkina, Aleksandra"]
[Black "Zimina, Olga"]
[Result "1-0"]
[WhiteElo "2485"]
[BlackElo "2361"]
[PlyCount "105"]
[EventDate "2016.05.27"]
[EventType "swiss"]
[EventRounds "11"]
[EventCountry "ROU"]
[Source "lmi"]
[SourceDate "2016.05.26"]

1. d4 Nf6 2. c4 e6 3. Nf3 b6 4. g3 Ba6 5. b3 b5 6. cxb5 Bxb5 7. Bg2 d5 8. O-O
Bd6 9. Bb2 O-O 10. Nc3 Ba6 11. Rc1 Nbd7 12. Na4 Qb8 13. Rc2 Bb5 14. Nc5 a5 15.
Ne5 a4 16. Qc1 axb3 17. axb3 Ra2 18. f4 Qa7 19. Kh1 Nxc5 20. dxc5 Rxb2 21. Qxb2
Bxc5 22. Qc3 Bd6 23. Ra1 Qb8 24. b4 Qb6 25. Bf3 Nd7 26. Nxd7 Bxd7 27. Kg2 Rb8
28. Rb1 g6 29. h4 h5 30. Qf6 c5 31. b5 Bf8 32. f5 exf5 33. Qxb6 Rxb6 34. Bxd5
Rxb5 35. Rxb5 Bxb5 36. Rb2 Bd7 37. Rb6 Kg7 38. Kf3 Ba4 39. Ra6 Bb5 40. Rb6 Ba4
41. Kf4 Be7 42. Ke5 Kf8 43. Bc4 Bc2 44. Rb8+ Kg7 45. Re8 Bf8 46. Bd5 Bd1 47.
Rd8 Bxe2 48. Rd7 Kh6 49. Kf6 c4 50. Kxf7 Ba3 51. Kg8 g5 52. Rg7 gxh4 53. Bf7
1-0

[Event "17. European Women's Championship 2016"]
[Site "Mamaia ROU"]
[Date "2016.05.30"]
[Round "4.6"]
[White "Socko, Monika"]
[Black "Foisor, Cristina-Adela"]
[Result "1/2-1/2"]
[WhiteElo "2469"]
[BlackElo "2322"]
[PlyCount "58"]
[EventDate "2016.05.27"]
[EventType "swiss"]
[EventRounds "11"]
[EventCountry "ROU"]
[Source "lmi"]
[SourceDate "2016.05.26"]

1. d4 Nf6 2. c4 g6 3. Nc3 Bg7 4. e4 d6 5. f3 a6 6. Be3 c6 7. Nge2 b5 8. Ng3 O-O
9. Qd2 Nbd7 10. b3 bxc4 11. Bxc4 Bb7 12. O-O a5 13. Rad1 Nb6 14. Be2 Ba6 15. f4
a4 16. Bxa6 Rxa6 17. Qe2 Qa8 18. b4 a3 19. f5 Na4 20. Rc1 Nxc3 21. Rxc3 Ra4 22.
Rb3 Qa6 23. Qxa6 Rxa6 24. h3 Rb8 25. Rc1 h5 26. Bg5 Nh7 27. Be3 Nf6 28. Bg5 Nh7
29. Be3 Nf6 1/2-1/2

[Event "17. European Women's Championship 2016"]
[Site "Mamaia ROU"]
[Date "2016.05.30"]
[Round "4.7"]
[White "Kursova, Maria"]
[Black "Khurtsidze, Nino"]
[Result "1/2-1/2"]
[WhiteElo "2319"]
[BlackElo "2409"]
[PlyCount "129"]
[EventDate "2016.05.27"]
[EventType "swiss"]
[EventRounds "11"]
[EventCountry "ROU"]
[Source "lmi"]
[SourceDate "2016.05.26"]

1. d4 Nf6 2. Nf3 e6 3. c4 d5 4. Nc3 Bb4 5. Qb3 c5 6. dxc5 Nc6 7. Bg5 h6 8. Bxf6
Qxf6 9. cxd5 exd5 10. e3 Be6 11. Bb5 Bxc5 12. Nxd5 Bxd5 13. Qxd5 Bb4+ 14. Kf1
O-O 15. g3 Rad8 16. Qe4 Rfe8 17. Qf4 Qxb2 18. Kg2 Bc3 19. Rab1 Qa3 20. Rhc1 Bf6
21. Qa4 Qxa4 22. Bxa4 Re4 23. Bxc6 bxc6 24. Rxc6 Ra4 25. Rc2 Rd3 26. Rb8+ Kh7
27. Rb7 Rc3 28. Rd2 Kg6 29. e4 Raa3 30. Ne1 Rc4 31. Nd3 Rxe4 32. Nf4+ Kh7 33.
Rxf7 Re7 34. Rxe7 Bxe7 35. Rc2 a5 36. h4 Bd6 37. Nd5 Rd3 38. Nb6 Be5 39. Nc4
Bc7 40. Nb2 Rd7 41. Na4 Bd8 42. Kf3 Rd4 43. Nc5 Bb6 44. Ne6 Rd6 45. Re2 Kg6 46.
Nf4+ Kf7 47. h5 a4 48. Rc2 Rd4 49. Rc6 Ba5 50. Ra6 Bd2 51. Ne6 Rc4 52. Nd8+ Kf8
53. Nb7 Bc3 54. Ke3 Bb2 55. Kd2 a3 56. Nd6 Rc1 57. Nb5 Ra1 58. Nxa3 Rxa2 59.
Ra8+ Kf7 60. Ra7+ Kf6 61. Nb5 Rxa7 62. Nxa7 Bd4 63. Nb5 Bxf2 64. g4 Kg5 65. Ke2
1/2-1/2

[Event "17. European Women's Championship 2016"]
[Site "Mamaia ROU"]
[Date "2016.05.30"]
[Round "4.8"]
[White "Arabidze, Meri"]
[Black "Houska, Jovanka"]
[Result "1/2-1/2"]
[WhiteElo "2363"]
[BlackElo "2383"]
[PlyCount "58"]
[EventDate "2016.05.27"]
[EventType "swiss"]
[EventRounds "11"]
[EventCountry "ROU"]
[Source "lmi"]
[SourceDate "2016.05.26"]

1. c4 e6 2. Nf3 d5 3. e3 Nf6 4. Nc3 c5 5. cxd5 exd5 6. d4 Nc6 7. Be2 cxd4 8.
Nxd4 Bc5 9. Nxc6 bxc6 10. O-O O-O 11. b3 Bf5 12. Bb2 Re8 13. Bf3 Rc8 14. Rc1
Bd6 15. Ne2 Ne4 16. Nf4 Qd7 17. Nh5 Bf8 18. Ng3 Nxg3 19. hxg3 a5 20. Qd4 Qb7
21. Rfd1 h6 22. Qf4 Be4 23. Bxe4 Rxe4 24. Qf5 Ra8 25. Rd4 Rxd4 26. Bxd4 a4 27.
Bc5 axb3 28. axb3 Bxc5 29. Rxc5 Qxb3 1/2-1/2

[Event "17. European Women's Championship 2016"]
[Site "Mamaia ROU"]
[Date "2016.05.30"]
[Round "4.9"]
[White "Pogonina, Natalija"]
[Black "Mammadzada, Gunay"]
[Result "1/2-1/2"]
[WhiteElo "2490"]
[BlackElo "2318"]
[PlyCount "103"]
[EventDate "2016.05.27"]
[EventType "swiss"]
[EventRounds "11"]
[EventCountry "ROU"]
[Source "lmi"]
[SourceDate "2016.05.26"]

1. d4 d5 2. c4 c6 3. e3 Nf6 4. Nc3 g6 5. Nf3 Bg7 6. Be2 O-O 7. O-O Be6 8. Qb3
Qb6 9. Bd2 h6 10. Rfc1 Nbd7 11. h3 Rfc8 12. c5 Qc7 13. Qd1 Ne4 14. Be1 f5 15.
Nh2 g5 16. Bd3 Nxc3 17. bxc3 b6 18. cxb6 Nxb6 19. Nf1 Rf8 20. Nd2 Qd7 21. Rab1
Nc4 22. Nxc4 dxc4 23. Be2 Bd5 24. Rb4 Qe6 25. Bd2 Kh8 26. Rcb1 c5 27. Rb5 Rac8
28. Bf3 Rfd8 29. Be1 Be4 30. Bxe4 Qxe4 31. Qf3 Qxf3 32. gxf3 e6 33. Rxc5 Rxc5
34. dxc5 Rc8 35. Rb7 Rxc5 36. Rxa7 Rb5 37. Kf1 Rb1 38. Ke2 Rb2+ 39. Kd1 Rb1+
40. Kd2 h5 41. Ra4 Bxc3+ 42. Kxc3 Rxe1 43. Kxc4 Re2 44. Ra7 Rxf2 45. Kd4 Rxf3
46. Ke5 g4 47. Kf6 gxh3 48. Ra8+ Kh7 49. Ra7+ Kh8 50. Ra8+ Kh7 51. Ra7+ Kh8 52.
Ra8+ 1/2-1/2

[Event "17. European Women's Championship 2016"]
[Site "Mamaia ROU"]
[Date "2016.05.30"]
[Round "4.10"]
[White "Papp, Petra"]
[Black "Bodnaruk, Anastasia"]
[Result "0-1"]
[WhiteElo "2342"]
[BlackElo "2475"]
[PlyCount "86"]
[EventDate "2016.05.27"]
[EventType "swiss"]
[EventRounds "11"]
[EventCountry "ROU"]
[Source "lmi"]
[SourceDate "2016.05.26"]

1. e4 d6 2. d4 g6 3. Nc3 Bg7 4. Nf3 Nf6 5. Be2 O-O 6. O-O Nc6 7. Bg5 h6 8. Bf4
e6 9. Be3 Ng4 10. Bc1 f5 11. h3 Nf6 12. e5 Ne4 13. exd6 Qxd6 14. Nb5 Qe7 15. c3
g5 16. Bd3 Nd6 17. Qe2 a6 18. Na3 b5 19. Re1 Qf7 20. Bd2 Bd7 21. Nc2 a5 22. a4
bxa4 23. Na3 Rab8 24. Rab1 g4 25. hxg4 fxg4 26. Nh2 e5 27. Nc4 e4 28. Nxd6 exd3
29. Nxf7 dxe2 30. Nxh6+ Bxh6 31. Bxh6 Rfe8 32. f3 Bf5 33. Ra1 g3 34. Ng4 Bxg4
35. fxg4 Re4 36. Bc1 Rbe8 37. g5 Rf8 38. Bd2 Rf2 39. Rxa4 Ne5 40. Rxa5 Nd3 41.
Raa1 Nxe1 42. Rxe1 Rh4 43. Be3 Rf1+ 0-1

[Event "17. European Women's Championship 2016"]
[Site "Mamaia ROU"]
[Date "2016.05.30"]
[Round "4.12"]
[White "Girya, Olga"]
[Black "Babiy, Olga"]
[Result "1/2-1/2"]
[WhiteElo "2443"]
[BlackElo "2337"]
[PlyCount "79"]
[EventDate "2016.05.27"]
[EventType "swiss"]
[EventRounds "11"]
[EventCountry "ROU"]
[Source "lmi"]
[SourceDate "2016.05.26"]

1. d4 Nf6 2. c4 e6 3. Nc3 Bb4 4. Qc2 O-O 5. a3 Bxc3+ 6. Qxc3 d5 7. e3 b6 8. Nf3
Bb7 9. b3 Nbd7 10. Be2 c5 11. O-O Rc8 12. Nd2 Qc7 13. Bb2 dxc4 14. bxc4 cxd4
15. exd4 b5 16. c5 Nd5 17. Qg3 Nf4 18. Bf3 Bxf3 19. Qxf3 Nf6 20. Nb3 N4d5 21.
Bc1 a5 22. Bg5 a4 23. Nc1 e5 24. Bxf6 Nxf6 25. Rb1 Rfd8 26. dxe5 Qxe5 27. Rxb5
Qd5 28. Ne2 Rxc5 29. Qxd5 Rcxd5 30. Rxd5 Rxd5 31. Nc3 Rd3 32. Rd1 Rxd1+ 33.
Nxd1 Ne4 34. Nb2 Nc3 35. Kf1 Kf8 36. Ke1 Ke7 37. Kd2 Nb1+ 38. Kd3 Nxa3 39. Nxa4
Nb5 40. Ke4 1/2-1/2

[Event "17. European Women's Championship 2016"]
[Site "Mamaia ROU"]
[Date "2016.05.30"]
[Round "4.13"]
[White "Brunello, Marina"]
[Black "Zawadzka, Jolanta"]
[Result "1-0"]
[WhiteElo "2336"]
[BlackElo "2442"]
[PlyCount "43"]
[EventDate "2016.05.27"]
[EventType "swiss"]
[EventRounds "11"]
[EventCountry "ROU"]
[Source "lmi"]
[SourceDate "2016.05.26"]

1. e4 c5 2. Nf3 Nc6 3. c3 Nf6 4. e5 Nd5 5. d4 cxd4 6. cxd4 d6 7. Bc4 dxe5 8.
Nxe5 e6 9. O-O Be7 10. Nf3 O-O 11. Nc3 Nxc3 12. bxc3 b6 13. Bd3 Bb7 14. Qc2 g6
15. Qe2 Rc8 16. Bh6 Re8 17. Rad1 Bf6 18. Rfe1 Na5 19. c4 Bxf3 20. Qxf3 Bxd4 21.
Bf1 e5 22. Rxd4 1-0

[Event "17. European Women's Championship 2016"]
[Site "Mamaia ROU"]
[Date "2016.05.30"]
[Round "4.14"]
[White "Mkrtchian, Lilit"]
[Black "Cosma, Elena-Luminita"]
[Result "1-0"]
[WhiteElo "2434"]
[BlackElo "2333"]
[PlyCount "83"]
[EventDate "2016.05.27"]
[EventType "swiss"]
[EventRounds "11"]
[EventCountry "ROU"]
[Source "lmi"]
[SourceDate "2016.05.26"]

1. c4 e6 2. g3 d5 3. Bg2 Nf6 4. Nf3 dxc4 5. Qa4+ Nbd7 6. Qxc4 a6 7. Qb3 Be7 8.
a4 O-O 9. d3 Rb8 10. a5 b5 11. axb6 Bb7 12. bxc7 Qxc7 13. Qd1 Bb4+ 14. Nbd2
Bxd2+ 15. Qxd2 Ne5 16. Nh4 Bxg2 17. Nxg2 Rfd8 18. Qa5 Qc6 19. O-O Nd5 20. Qxa6
Qc2 21. Re1 h6 22. Qa4 Nb4 23. Bf4 Qc5 24. Qa5 Qxa5 25. Rxa5 f6 26. Bxe5 fxe5
27. Rxe5 Nc2 28. Rb1 Na3 29. Rc1 Rxb2 30. Rxe6 Nc2 31. Re7 Rdb8 32. Nf4 g5 33.
Nh5 Rb1 34. Rxb1 Rxb1+ 35. Kg2 Kf8 36. Re4 Ne1+ 37. Kh3 Kf7 38. g4 Nc2 39. Rc4
Rb2 40. Ng3 Nb4 41. Rc7+ Ke8 42. Kg2 1-0

[Event "17. European Women's Championship 2016"]
[Site "Mamaia ROU"]
[Date "2016.05.30"]
[Round "4.15"]
[White "Szczepkowska-Horowska, Karina"]
[Black "Matnadze, Ana"]
[Result "1/2-1/2"]
[WhiteElo "2411"]
[BlackElo "2332"]
[PlyCount "84"]
[EventDate "2016.05.27"]
[EventType "swiss"]
[EventRounds "11"]
[EventCountry "ROU"]
[Source "lmi"]
[SourceDate "2016.05.26"]

1. d4 Nf6 2. c4 e6 3. g3 d5 4. Bg2 g6 5. Nf3 Bg7 6. O-O O-O 7. Qc2 Nc6 8. Rd1
a5 9. Bg5 Nb4 10. Qc1 dxc4 11. Na3 Qe8 12. Nxc4 Ne4 13. Bh6 Qe7 14. Bxg7 Kxg7
15. Nfe5 Nd6 16. a3 Nd5 17. e4 Nf6 18. Qe3 Nxc4 19. Nxc4 Rd8 20. Ne5 Bd7 21.
Rac1 Ba4 22. Rd2 h5 23. Qc3 Ne8 24. Nd3 b6 25. Ne5 f6 26. Nd3 Rac8 27. Nf4 Bd7
28. e5 Kh6 29. Re1 g5 30. exf6 Qxf6 31. Nd3 Bb5 32. Qb3 Bd7 33. Ne5 Ng7 34. Qc2
Be8 35. Bb7 Rb8 36. Be4 c5 37. Bc6 Rxd4 38. Rxd4 cxd4 39. Qe4 Bxc6 40. Nxc6 Rf8
41. Qxd4 Qxd4 42. Nxd4 Rd8 1/2-1/2

[Event "17. European Women's Championship 2016"]
[Site "Mamaia ROU"]
[Date "2016.05.30"]
[Round "4.16"]
[White "Tomilova, Elena"]
[Black "Ziaziulkina, Nastassia"]
[Result "1/2-1/2"]
[WhiteElo "2305"]
[BlackElo "2396"]
[PlyCount "49"]
[EventDate "2016.05.27"]
[EventType "swiss"]
[EventRounds "11"]
[EventCountry "ROU"]
[Source "lmi"]
[SourceDate "2016.05.26"]

1. e4 c5 2. Nf3 d6 3. Bb5+ Nd7 4. d4 cxd4 5. Qxd4 a6 6. Bxd7+ Bxd7 7. Nc3 e5 8.
Qd3 h6 9. O-O Nf6 10. Nd2 b5 11. Rd1 Rc8 12. a3 Qc7 13. Nf1 Qc4 14. Ne3 Qxd3
15. Rxd3 Be7 16. f3 a5 17. Bd2 O-O 18. Be1 Rb8 19. Ncd5 Nxd5 20. Nxd5 Bd8 21.
b4 a4 22. Nc3 Be7 23. Nd5 Bd8 24. Nc3 Be7 25. Nd5 1/2-1/2

[Event "17. European Women's Championship 2016"]
[Site "Mamaia ROU"]
[Date "2016.05.30"]
[Round "4.17"]
[White "Vega Gutierrez, Sabrina"]
[Black "Nikolova, Adriana"]
[Result "1-0"]
[WhiteElo "2375"]
[BlackElo "2331"]
[PlyCount "143"]
[EventDate "2016.05.27"]
[EventType "swiss"]
[EventRounds "11"]
[EventCountry "ROU"]
[Source "lmi"]
[SourceDate "2016.05.26"]

1. d4 d5 2. c4 c6 3. Nf3 Nf6 4. e3 Bg4 5. Nc3 e6 6. h3 Bxf3 7. Qxf3 Bb4 8. Bd2
Nbd7 9. a3 Bxc3 10. Bxc3 Ne4 11. Rc1 Nxc3 12. Rxc3 Nf6 13. Bd3 dxc4 14. Bxc4
Nd5 15. Rc2 Qa5+ 16. Ke2 Rd8 17. Rhc1 Qa4 18. Qe4 h6 19. Qd3 Qa5 20. b4 Qb6 21.
Ba2 O-O 22. Rc5 a6 23. Kf1 Qc7 24. Kg1 Qd6 25. Bb1 g6 26. g3 Rfe8 27. h4 h5 28.
Rd1 Qf8 29. Ba2 Qg7 30. Bb3 Nf6 31. Qe2 Ne4 32. Rcc1 Qf6 33. Kg2 Kg7 34. Qf3
Qxf3+ 35. Kxf3 f5 36. a4 Nd6 37. Rc5 Kf6 38. Rdc1 Ne4 39. R5c2 e5 40. dxe5+
Kxe5 41. Bf7 Re7 42. Bxg6 Rg7 43. Bxh5 Nf6 44. b5 axb5 45. axb5 cxb5 46. Rb2
Nxh5 47. Rc5+ Ke6 48. Rbxb5 Nf6 49. Re5+ Kd6 50. Rxf5 Nd7 51. g4 Kc6 52. h5 b6
53. g5 Nc5 54. Rb1 Ne6 55. g6 Rd6 56. Kg4 Kd7 57. f4 Nc7 58. Re5 b5 59. f5 Rb6
60. Kg5 Re7 61. Rd1+ Ke8 62. Rxe7+ Kxe7 63. g7 Rb8 64. f6+ Ke6 65. Kg6 Ke5 66.
f7 Ne6 67. g8=Q Rb6 68. Kh7 Rb7 69. Qg3+ Kf6 70. Rf1+ Ke7 71. Qe5 Kd7 72. Qd5+
1-0

[Event "17. European Women's Championship 2016"]
[Site "Mamaia ROU"]
[Date "2016.05.30"]
[Round "4.18"]
[White "Zaksaite, Salomeja"]
[Black "Lomineishvili, Maia"]
[Result "1/2-1/2"]
[WhiteElo "2312"]
[BlackElo "2367"]
[PlyCount "104"]
[EventDate "2016.05.27"]
[EventType "swiss"]
[EventRounds "11"]
[EventCountry "ROU"]
[Source "lmi"]
[SourceDate "2016.05.26"]

1. e4 c5 2. Nf3 g6 3. Bc4 Bg7 4. c3 Qc7 5. Na3 a6 6. d4 b5 7. Bd5 Bb7 8. dxc5
Nf6 9. Bxb7 Qxb7 10. e5 Qe4+ 11. Be3 Ng4 12. Qd4 Qf5 13. O-O-O Nc6 14. Qd5
Ngxe5 15. Nxe5 Bxe5 16. Nc2 Rd8 17. f4 Bxf4 18. Qxf5 Bxe3+ 19. Nxe3 gxf5 20.
Nxf5 f6 21. Rd3 Ne5 22. Rg3 Kf8 23. Rf1 h5 24. Rf4 Rh7 25. a4 Kf7 26. axb5 axb5
27. Rb4 Rb8 28. Nd4 h4 29. Re3 Rg8 30. g3 hxg3 31. hxg3 Nc4 32. Re2 Rxg3 33.
Rxe7+ Kxe7 34. Nf5+ Ke6 35. Nxg3 Rh3 36. Ne2 Rh2 37. Nd4+ Kd5 38. Rxb5 Ke4 39.
c6 dxc6 40. Nxc6 f5 41. Rb8 f4 42. Re8+ Kd5 43. Nb4+ Kd6 44. Nd3 f3 45. Rf8 Nd2
46. Rf4 Ke6 47. b4 Nb3+ 48. Kb1 Kd6 49. b5 Kc7 50. c4 Nd2+ 51. Kc1 Nb3+ 52. Kb1
Nd2+ 1/2-1/2

[Event "17. European Women's Championship 2016"]
[Site "Mamaia ROU"]
[Date "2016.05.30"]
[Round "4.19"]
[White "Rakhmangulova, Anastasiya"]
[Black "Bulmaga, Irina"]
[Result "0-1"]
[WhiteElo "2245"]
[BlackElo "2360"]
[PlyCount "118"]
[EventDate "2016.05.27"]
[EventType "swiss"]
[EventRounds "11"]
[EventCountry "ROU"]
[Source "lmi"]
[SourceDate "2016.05.26"]

1. d4 Nf6 2. Nf3 e6 3. Bg5 h6 4. Bxf6 Qxf6 5. e4 d6 6. Nbd2 Nd7 7. Bd3 a6 8. e5
dxe5 9. Ne4 Qe7 10. Nxe5 Nxe5 11. dxe5 Qb4+ 12. c3 Qxb2 13. O-O Qa3 14. Qh5 Bd7
15. Ng5 hxg5 16. Qxh8 Qxc3 17. Be4 O-O-O 18. Rab1 c6 19. Rfe1 f5 20. Bf3 g4 21.
Be2 Qd2 22. Qh4 Bb4 23. Bc4 Qc3 24. Rec1 Qa3 25. Qg5 Bf8 26. Rd1 Be7 27. Qg6
Kc7 28. Bxe6 Bxe6 29. Qxe6 Rxd1+ 30. Rxd1 Bc5 31. Qe8 Kb6 32. Qf7 a5 33. Qxf5
Qxa2 34. e6 Qe2 35. Rb1+ Bb4 36. h3 gxh3 37. Qxh3 Qe4 38. Rd1 a4 39. Rd7 a3 40.
Qb3 Qe1+ 41. Kh2 Qe5+ 42. g3 Qb2 43. Qxb2 axb2 44. Rd1 Kc7 45. f4 Be7 46. g4 c5
47. Rb1 Bf6 48. g5 Bd4 49. f5 Kd6 50. Kg3 c4 51. Rd1 Ke7 52. Kf4 c3 53. Rxd4
b1=Q 54. Rd7+ Ke8 55. f6 Qf1+ 56. Ke5 Qb5+ 57. Kf4 gxf6 58. gxf6 Qxd7 59. exd7+
Kxd7 0-1